LEADER 01263cam0 2200301 450 001 E600200058752 005 20201105083756.0 100 $a20100121d1986 |||||ita|0103 ba 101 $aita 102 $aIT 200 1 $a<>società filosofica di Berlino e gli Hegeliani di Napoli$escritti di storia della filosofia (1860-1865)$fKarl L. Michelet$gTheodor Strater$gcur. Domenico D'Orsi 210 $aMilano$cGiuffrè$d1986 215 $a501 p.$d25 cm 225 2 $aTesti e Documenti$e4 300 $ain testa al front. : Centro studi "Bertrando e Silvio Spaventa" Università "G. D'Annunzio" - Facoltà di Giurisprudenza, Teramo 410 1$1001LAEC00027999$12001 $a*Testi e Documenti : 4 700 1$aMichelet$b, Karl Ludwig$3A600200026329$4070$0159344 702 1$aD'Orsi, Domenico$3A600200054682$4070 702 1$aSträter, Theodor$3A600200060949$4070 801 0$aIT$bUNISOB$c20201105$gRICA 850 $aUNISOB 852 $aUNISOB$j100$m43990 912 $aE600200058752 940 $aM 102 Monografia moderna SBN 941 $aM 957 $a100$b003386$gSi$d43990$racquisto$1massimo$2UNISOB$3UNISOB$420100121144823.0$520201105083727.0$6Alfano 996 $aSocietà filosofica di Berlino e gli hegeliani di Napoli$91704903 997 $aUNISOB LEADER 00972nam a2200253 i 4500 001 991002448509707536 005 20020503165351.0 008 930515s1976 it ||| | ita 035 $ab10366180-39ule_inst 035 $aEXGIL104072$9ExL 040 $aBiblioteca Interfacoltà$bita 082 04$a457.9949478 100 1 $aLurati, Ottavio$0156832 245 10$aDialetto e italiano regionale nella Svizzera italiana /$cOttavio Lurati 260 $aLugano :$bBanca Solari,$c1976 300 $a220 p., 16 c. di tav. ;$c25 cm. 610 14$aConfederazione svizzera$zCanton Ticino$xDialetti 907 $a.b10366180$b02-04-14$c27-06-02 912 $a991002448509707536 945 $aLE002 457.99494 LUR 945 $aLE002 Filol. II F 28$g1$i2002000464644$lle002$o-$pE0.00$q-$rl$s- $t0$u0$v0$w0$x0$y.i10427958$z27-06-02 996 $aDialetto e italiano regionale nella Svizzera italiana$9203441 997 $aUNISALENTO 998 $ale002$b01-01-93$cm$da $e-$fita$git $h0$i1